000 00553nam a22002177a 4500
999 _c5358
_d5358
001 5358
003 BD-JhCC
005 20171213133154.0
008 171213s1967 ii ||||| |||| 00| 0 eng d
035 _a(BD-JhCC)5358
040 _aBD-JhCC
_dBD-JhCC
041 _aeng
082 _a621.381
_bMIL 1967
100 _aMileat, Harry
245 _aElectronics /
_cMileat Harry
260 _aBombay :
_bD. B. Taraporevala sons & co. Pvt. Ltd.
_c1976.
300 _a136 p. v-3 :
_bills;
_c21 cm.
650 _aelectronic
942 _2ddc
_cBK